000 00290nam a2200121Ia 4500
008 220216s9999 xx 000 0 und d
245 0 _aPneumatic tyres rail buses
260 _bRubber Developments
_c1954
300 _a14-17
650 _aPneumatic tyre
650 _aRail bus
942 _cJS
999 _c65204
_d65204